[Event "IND-chB (Women) 38th"]
[Site "Chennai"]
[Date "2011.07.05"]
[Round "6"]
[White "Saranya, J."]
[Black "Sunyasakta, Satpathy"]
[Result "1/2-1/2"]
[WhiteElo "2121"]
[BlackElo "1928"]
[PlyCount "71"]
[EventDate "2011.07.02"]
[EventType "swiss"]
[EventRounds "11"]
[EventCountry "IND"]
[SourceTitle "CBM 143 Extra"]
[Source "ChessBase"]
[SourceDate "2011.08.29"]
[SourceVersion "1"]
[SourceVersionDate "2011.08.29"]
[SourceQuality "1"]

1. e4 e5 2. Nf3 Nc6 3. Bc4 Nf6 4. d3 d5 5. exd5 Nxd5 6. 0-0 Be6 7. Re1 Bc5 8. Bxd5 Qxd5 9. Nc3 Qd8 10. Ng5 Qe7 11. Nce4 Bb6 12. c4 0-0-0 13. Nxe6 Qxe6 14. a3 f5 15. Nc3 h6 16. b4 Bd4 17. Qc2 Qg6 18. Ra2 Bxc3 19. Qxc3 f4 20. Rd1 f3 21. g3 Nd4 22. Qe1 Qf5 23. Be3 Ne2+ 24. Rxe2 Qh3 25. Qf1 Qxf1+ 26. Kxf1 fxe2+ 27. Kxe2 a6 28. f3 Rhf8 29. h3 Rf6 30. Rf1 Rfd6 31. Rd1 Rg6 32. Rg1 Rgd6 33. Rd1 Rg6 34. Rg1 Rgd6 35. Rd1 Rg6 36. Rg1 1/2-1/2

[Event "IND-chB (Women) 38th"]
[Site "Chennai"]
[Date "2011.07.05"]
[Round "5"]
[White "Sunyasakta, Satpathy"]
[Black "Harini, S."]
[Result "1-0"]
[WhiteElo "1928"]
[BlackElo "2022"]
[PlyCount "93"]
[EventDate "2011.07.02"]
[EventType "swiss"]
[EventRounds "11"]
[EventCountry "IND"]
[SourceTitle "CBM 143 Extra"]
[Source "ChessBase"]
[SourceDate "2011.08.29"]
[SourceVersion "1"]
[SourceVersionDate "2011.08.29"]
[SourceQuality "1"]

1. e4 c5 2. d4 cxd4 3. c3 dxc3 4. Nxc3 Nc6 5. Nf3 e6 6. Bc4 a6 7. 0-0 Nge7 8. Bg5 f6 9. Be3 Ng6 10. Bb3 b5 11. Qe2 Be7 12. Rac1 0-0 13. Rfd1 Qe8 14. Nd5 Bd8 15. Bb6 Bxb6 16. Nxb6 Rb8 17. Qe3 Qe7 18. Nd4 Na5 19. Nf5 Qb4 20. Rd4 Nxb3 21. Rxb4 Nxc1 22. Nd6 Nxa2 23. Rb3 Bb7 24. Qc5 Bc6 25. Rh3 Nf4 26. Ra3 Nb4 27. Nxd7 Bxd7 28. Qxb4 Rb6 29. g3 Ng6 30. Qd4 Rc6 31. Kg2 Ne5 32. Rc3 Rxc3 33. Qxc3 Bc6 34. f4 Nc4 35. Nxc4 Bxe4+ 36. Kf2 Rc8 37. Qd4 Rxc4 38. Qd8+ Kf7 39. Qd7+ Kg6 40. Qe8+ Kh6 41. Qxe6 Rc2+ 42. Ke3 Bg2 43. Qf5 Rxb2 44. g4 g6 45. Qxf6 Rb3+ 46. Kf2 Bh3 47. Qf8# 1-0